Countries that end in I - Statistics

General Stats
  • This quiz has been taken 39 times
  • The average score is 7 of 9
Answer Stats
Country % Correct
Mali
92%
Eswatini
83%
Fiji
81%
Burundi
72%
Haiti
72%
Kiribati
72%
Malawi
72%
Djibouti
67%
Brunei
53%
No matching quizzes found
Score Distribution
Percent of People with Each Score
Percentile by Number Answered
Your Score History
You have not taken this quiz